[Event "British Rapidplay Championship 2023"]
[Site "Mercure Bradford, Bankfield Hotel"]
[Date "2023.04.16"]
[Round "10.3"]
[White "Keerthi Kumar, Advait"]
[Black "Bak, Andrew"]
[Result "1-0"]
[TimeControl "All moves in 15 minutes plus 10 second increment per move from move 1"]
[WhiteElo "1455"]
[BlackElo "1959"]

1. e4 {[%clk 00:15:19]} c5 {[%clk 00:15:17]} {[%emt 00:00:03]} 2. Nf3 {[%clk
00:15:28]} {[%emt 00:00:01]} Nc6 {[%clk 00:15:25]} {[%emt 00:00:02]} 3. d4
{[%clk 00:15:38]} cxd4 {[%clk 00:15:33]} {[%emt 00:00:02]} 4. Nxd4 {[%clk
00:15:47]} Nf6 {[%clk 00:15:40]} {[%emt 00:00:03]} 5. f3 {[%clk 00:15:56]} e5
{[%clk 00:14:46]} {[%emt 00:01:03]} 6. Nb5 {[%clk 00:16:05]} {[%emt 00:00:02]}
Nxe4 {[%clk 00:14:23]} {[%emt 00:00:33]} 7. fxe4 {[%clk 00:15:44]} {[%emt
00:00:31]} Qh4+ {[%clk 00:14:31]} {[%emt 00:00:02]} 8. Kd2 {[%clk 00:15:51]}
{[%emt 00:00:03]} Qf4+ {[%clk 00:14:08]} {[%emt 00:00:33]} 9. Ke1 {[%clk
00:15:38]} {[%emt 00:00:23]} Qh4+ {[%clk 00:09:59]} {[%emt 00:04:19]} 10. Kd2
{[%clk 00:15:08]} {[%emt 00:00:41]} Qf4+ {[%clk 00:07:51]} {[%emt 00:02:17]} 11.
Ke2 {[%clk 00:14:34]} {[%emt 00:00:42]} Qxe4+ {[%clk 00:07:39]} {[%emt
00:00:24]} 12. Be3 {[%clk 00:14:33]} {[%emt 00:00:11]} d5 {[%clk 00:07:45]}
{[%emt 00:00:04]} 13. Nc7+ {[%clk 00:14:23]} {[%emt 00:00:21]} Kd8 {[%clk
00:07:21]} {[%emt 00:00:33]} 14. Qxd5+ {[%clk 00:14:30]} {[%emt 00:00:03]} Qxd5
{[%clk 00:07:29]} {[%emt 00:00:01]} 15. Nxd5 {[%clk 00:14:39]} {[%emt
00:00:02]} Be6 {[%clk 00:07:09]} {[%emt 00:00:29]} 16. Nbc3 {[%clk 00:14:39]}
{[%emt 00:00:10]} Nd4+ {[%clk 00:07:10]} {[%emt 00:00:09]} 17. Kf2 {[%clk
00:13:52]} {[%emt 00:00:57]} Nxc2 {[%clk 00:06:58]} {[%emt 00:00:22]} 18. Rd1
{[%clk 00:13:54]} {[%emt 00:00:07]} Nxe3 {[%clk 00:07:04]} {[%emt 00:00:05]} 19.
Nxe3+ {[%clk 00:13:57]} {[%emt 00:00:08]} Ke8 {[%clk 00:06:48]} {[%emt
00:00:25]} 20. Bb5+ {[%clk 00:13:39]} {[%emt 00:00:29]} Ke7 {[%clk 00:06:51]}
{[%emt 00:00:07]} 21. Ncd5+ {[%clk 00:13:45]} {[%emt 00:00:04]} Kd6 {[%clk
00:06:12]} {[%emt 00:00:48]} 22. Nb6+ {[%clk 00:13:49]} {[%emt 00:00:07]} Kc5
{[%clk 00:06:20]} {[%emt 00:00:02]} 23. Nxa8 {[%clk 00:13:58]} {[%emt
00:00:02]} Kxb5 {[%clk 00:06:20]} {[%emt 00:00:09]} 24. Nc7+ {[%clk 00:14:05]}
{[%emt 00:00:03]} 1-0

[Event "British Rapidplay Championship 2023"]
[Site "Mercure Bradford, Bankfield Hotel"]
[Date "2023.04.16"]
[Round "10.4"]
[White "Bastow, Mark A"]
[Black "Nicholson, Jim WR"]
[Result "1/2-1/2"]
[TimeControl "All moves in 15 minutes plus 10 second increment per move from move 1"]
[WhiteElo "1739"]
[BlackElo "1958"]

1. d4 {[%clk 00:15:17]} {[%emt 00:00:02]} d5 {[%clk 00:15:18]} {[%emt
00:00:02]} 2. Nf3 {[%clk 00:15:25]} {[%emt 00:00:02]} c6 {[%clk 00:15:24]}
{[%emt 00:00:04]} 3. e3 {[%clk 00:14:31]} {[%emt 00:01:04]} Bf5 {[%clk
00:14:35]} {[%emt 00:00:58]} 4. c4 {[%clk 00:13:40]} {[%emt 00:01:02]} e6
{[%clk 00:14:24]} {[%emt 00:00:21]} 5. Nc3 {[%clk 00:13:37]} {[%emt 00:00:14]}
Nf6 {[%clk 00:14:09]} {[%emt 00:00:25]} 6. cxd5 {[%clk 00:13:03]} {[%emt
00:00:44]} exd5 {[%clk 00:14:02]} {[%emt 00:00:17]} 7. Qb3 {[%clk 00:12:56]}
{[%emt 00:00:16]} Qb6 {[%clk 00:13:46]} {[%emt 00:00:26]} 8. Qxb6 {[%clk
00:12:10]} {[%emt 00:00:57]} axb6 {[%clk 00:13:54]} {[%emt 00:00:02]} 9. Ne5
{[%clk 00:12:07]} {[%emt 00:00:12]} Nbd7 {[%clk 00:13:20]} {[%emt 00:00:44]} 10.
Bd3 {[%clk 00:11:53]} {[%emt 00:00:24]} Bxd3 {[%clk 00:13:07]} {[%emt
00:00:24]} 11. Nxd3 {[%clk 00:12:00]} {[%emt 00:00:02]} Bd6 {[%clk 00:13:08]}
{[%emt 00:00:09]} 12. f3 {[%clk 00:11:12]} {[%emt 00:00:58]} O-O {[%clk
00:13:07]} {[%emt 00:00:11]} 13. O-O {[%clk 00:11:15]} {[%emt 00:00:07]} Rfe8
{[%clk 00:13:06]} {[%emt 00:00:12]} 14. Bd2 {[%clk 00:11:07]} {[%emt 00:00:18]}
Nf8 {[%clk 00:12:56]} {[%emt 00:00:20]} 15. a3 {[%clk 00:11:00]} {[%emt
00:00:17]} Ne6 {[%clk 00:11:38]} {[%emt 00:01:28]} 16. Be1 {[%clk 00:10:45]}
{[%emt 00:00:25]} Nc7 {[%clk 00:10:10]} {[%emt 00:01:37]} 17. Bf2 {[%clk
00:10:36]} {[%emt 00:00:20]} h5 {[%clk 00:10:02]} {[%emt 00:00:18]} 18. Rfe1
{[%clk 00:10:35]} {[%emt 00:00:11]} c5 {[%clk 00:09:47]} {[%emt 00:00:25]} 19.
Bg3 {[%clk 00:10:25]} {[%emt 00:00:20]} Bxg3 {[%clk 00:09:41]} {[%emt
00:00:16]} 20. hxg3 {[%clk 00:10:33]} {[%emt 00:00:01]} Ne6 {[%clk 00:09:31]}
{[%emt 00:00:21]} 21. dxc5 {[%clk 00:08:23]} {[%emt 00:02:20]} bxc5 {[%clk
00:09:39]} {[%emt 00:00:01]} 22. Rad1 {[%clk 00:08:21]} {[%emt 00:00:12]} Red8
{[%clk 00:09:31]} {[%emt 00:00:17]} 23. Ne5 {[%clk 00:07:30]} {[%emt 00:01:02]}
Rac8 {[%clk 00:08:57]} {[%emt 00:00:45]} 24. Rd2 {[%clk 00:07:24]} {[%emt
00:00:16]} d4 {[%clk 00:08:42]} {[%emt 00:00:25]} 25. exd4 {[%clk 00:07:30]}
{[%emt 00:00:03]} Rxd4 {[%clk 00:08:09]} {[%emt 00:00:43]} 26. Rc2 {[%clk
00:05:10]} {[%emt 00:02:31]} Rcd8 {[%clk 00:07:55]} {[%emt 00:00:25]} 27. Nb5
{[%clk 00:05:02]} {[%emt 00:00:16]} Rd2 {[%clk 00:07:27]} {[%emt 00:00:37]} 28.
Re2 {[%clk 00:05:02]} {[%emt 00:00:11]} Rd1+ {[%clk 00:06:55]} {[%emt
00:00:42]} 29. Kf2 {[%clk 00:05:09]} {[%emt 00:00:03]} g6 {[%clk 00:06:13]}
{[%emt 00:00:52]} 30. Nc4 {[%clk 00:04:58]} {[%emt 00:00:22]} R1d7 {[%clk
00:05:45]} {[%emt 00:00:36]} 31. Rcd2 {[%clk 00:04:19]} {[%emt 00:00:51]} Kf8
{[%clk 00:05:02]} {[%emt 00:00:52]} 32. Rxd7 {[%clk 00:03:09]} {[%emt
00:01:20]} Rxd7 {[%clk 00:05:10]} {[%emt 00:00:03]} 33. Rd2 {[%clk 00:03:18]}
Rxd2+ {[%clk 00:04:46]} {[%emt 00:00:34]} 34. Nxd2 {[%clk 00:03:26]} {[%emt
00:00:01]} Nd5 {[%clk 00:04:52]} {[%emt 00:00:03]} 35. Ne4 {[%clk 00:03:11]}
{[%emt 00:00:27]} Ke7 {[%clk 00:04:47]} {[%emt 00:00:13]} 36. Nec3 {[%clk
00:02:50]} {[%emt 00:00:32]} Nxc3 {[%clk 00:04:44]} {[%emt 00:00:13]} 37. Nxc3
{[%clk 00:02:59]} {[%emt 00:00:02]} Kd6 {[%clk 00:04:32]} {[%emt 00:00:21]} 38.
Ke3 {[%clk 00:03:04]} {[%emt 00:00:05]} f5 {[%clk 00:04:19]} {[%emt 00:00:24]}
39. Ne2 {[%clk 00:01:47]} {[%emt 00:01:26]} g5 {[%clk 00:03:42]} {[%emt
00:00:48]} 40. Kd3 {[%clk 00:01:54]} {[%emt 00:00:02]} b5 {[%clk 00:02:42]}
{[%emt 00:01:10]} 41. Nc3 {[%clk 00:01:58]} {[%emt 00:00:07]} Nd4 {[%clk
00:02:32]} {[%emt 00:00:18]} 42. b4 {[%clk 00:01:26]} {[%emt 00:00:43]} Kc6
{[%clk 00:01:23]} {[%emt 00:01:17]} 43. bxc5 {[%clk 00:01:22]} {[%emt
00:00:17]} Kxc5 {[%clk 00:01:16]} {[%emt 00:00:17]} 44. Na2 {[%clk 00:01:11]}
{[%emt 00:00:21]} Nc6 {[%clk 00:01:17]} {[%emt 00:00:08]} 45. Kc3 {[%clk
00:01:10]} {[%emt 00:00:11]} Nd4 {[%clk 00:01:08]} {[%emt 00:00:18]} 46. Kd3
{[%clk 00:01:12]} {[%emt 00:00:09]} 1/2-1/2

[Event "British Rapidplay Championship 2023"]
[Site "Mercure Bradford, Bankfield Hotel"]
[Date "2023.04.16"]
[Round "10.5"]
[White "Hutchinson, Paul A"]
[Black "Mokhber-Garcia, Sebastian"]
[Result "1-0"]
[TimeControl "All moves in 15 minutes plus 10 second increment per move from move 1"]
[WhiteElo "2123"]
[BlackElo "1592"]

1. d4 {[%clk 00:15:19]} Nf6 {[%clk 00:15:22]} {[%emt 00:00:08]} 2. Bf4 {[%clk
00:15:26]} {[%emt 00:00:04]} g6 {[%clk 00:15:28]} {[%emt 00:00:04]} 3. e3
{[%clk 00:15:32]} {[%emt 00:00:03]} Bg7 {[%clk 00:15:37]} {[%emt 00:00:02]} 4.
h3 {[%clk 00:15:40]} {[%emt 00:00:02]} d6 {[%clk 00:15:45]} {[%emt 00:00:02]} 5.
Nf3 {[%clk 00:15:44]} {[%emt 00:00:05]} O-O {[%clk 00:15:49]} {[%emt 00:00:07]}
6. c4 {[%clk 00:15:52]} {[%emt 00:00:01]} Nbd7 {[%clk 00:15:56]} {[%emt
00:00:04]} 7. Nc3 {[%clk 00:16:00]} {[%emt 00:00:01]} Re8 {[%clk 00:16:02]}
{[%emt 00:00:05]} 8. Bh2 {[%clk 00:15:53]} {[%emt 00:00:17]} b6 {[%clk
00:15:42]} {[%emt 00:00:31]} 9. Be2 {[%clk 00:16:01]} {[%emt 00:00:01]} Bb7
{[%clk 00:15:50]} {[%emt 00:00:02]} 10. O-O {[%clk 00:16:07]} {[%emt 00:00:03]}
a6 {[%clk 00:15:57]} {[%emt 00:00:04]} 11. Rc1 {[%clk 00:16:10]} {[%emt
00:00:06]} e5 {[%clk 00:15:59]} {[%emt 00:00:08]} 12. d5 {[%clk 00:16:10]}
{[%emt 00:00:11]} a5 {[%clk 00:15:41]} {[%emt 00:00:28]} 13. a3 {[%clk
00:16:14]} {[%emt 00:00:06]} Nc5 {[%clk 00:15:41]} {[%emt 00:00:10]} 14. b4
{[%clk 00:16:21]} {[%emt 00:00:03]} axb4 {[%clk 00:15:49]} {[%emt 00:00:02]} 15.
axb4 {[%clk 00:16:30]} {[%emt 00:00:02]} Nce4 {[%clk 00:15:56]} {[%emt
00:00:03]} 16. Nb5 {[%clk 00:16:16]} {[%emt 00:00:24]} Ba6 {[%clk 00:15:56]}
{[%emt 00:00:10]} 17. Ne1 {[%clk 00:16:14]} {[%emt 00:00:10]} Bxb5 {[%clk
00:15:42]} {[%emt 00:00:25]} 18. cxb5 {[%clk 00:16:22]} {[%emt 00:00:02]} Ra3
{[%clk 00:15:20]} {[%emt 00:00:32]} 19. Bc4 {[%clk 00:16:05]} {[%emt 00:00:27]}
Qa8 {[%clk 00:14:53]} {[%emt 00:00:37]} 20. f3 {[%clk 00:15:51]} {[%emt
00:00:24]} Nc3 {[%clk 00:14:51]} {[%emt 00:00:12]} 21. Qd2 {[%clk 00:15:57]}
{[%emt 00:00:03]} Ncxd5 {[%clk 00:14:39]} {[%emt 00:00:22]} 22. Nc2 {[%clk
00:15:49]} {[%emt 00:00:18]} Ra7 {[%clk 00:14:21]} {[%emt 00:00:28]} 23. Ra1
{[%clk 00:15:48]} {[%emt 00:00:11]} Ne7 {[%clk 00:14:13]} {[%emt 00:00:18]} 24.
e4 {[%clk 00:15:40]} {[%emt 00:00:18]} Qb7 {[%clk 00:13:20]} {[%emt 00:01:03]}
25. Ra6 {[%clk 00:15:39]} {[%emt 00:00:12]} Rea8 {[%clk 00:13:08]} {[%emt
00:00:22]} 26. Rfa1 {[%clk 00:15:48]} Bf8 {[%clk 00:12:16]} {[%emt 00:01:02]}
27. Ne3 {[%clk 00:15:46]} {[%emt 00:00:12]} Qb8 {[%clk 00:11:16]} {[%emt
00:01:11]} 28. Bxf7+ {[%clk 00:15:44]} {[%emt 00:00:11]} Kh8 {[%clk 00:10:42]}
{[%emt 00:00:43]} 29. Bc4 {[%clk 00:15:51]} {[%emt 00:00:04]} Rxa6 {[%clk
00:10:43]} {[%emt 00:00:09]} 30. bxa6 {[%clk 00:15:59]} {[%emt 00:00:03]} b5
{[%clk 00:10:51]} {[%emt 00:00:02]} 31. Be2 {[%clk 00:14:50]} {[%emt 00:01:18]}
Qb6 {[%clk 00:10:24]} {[%emt 00:00:36]} 32. Bg3 {[%clk 00:14:57]} {[%emt
00:00:04]} Rxa6 {[%clk 00:10:00]} {[%emt 00:00:34]} 33. Rxa6 {[%clk 00:15:04]}
{[%emt 00:00:02]} Qxa6 {[%clk 00:10:08]} {[%emt 00:00:02]} 34. Qc2 {[%clk
00:14:54]} {[%emt 00:00:21]} c6 {[%clk 00:09:05]} {[%emt 00:01:13]} 35. Qb3
{[%clk 00:15:02]} {[%emt 00:00:02]} Qa1+ {[%clk 00:06:16]} {[%emt 00:02:59]} 36.
Bf1 {[%clk 00:14:10]} {[%emt 00:01:02]} d5 {[%clk 00:05:35]} {[%emt 00:00:50]}
37. Nc2 {[%clk 00:13:39]} {[%emt 00:00:41]} Qa4 {[%clk 00:04:20]} {[%emt
00:01:26]} 38. Qb2 {[%clk 00:13:00]} {[%emt 00:00:49]} Bg7 {[%clk 00:03:47]}
{[%emt 00:00:43]} 39. Bxe5 {[%clk 00:13:07]} {[%emt 00:00:03]} Neg8 {[%clk
00:02:20]} {[%emt 00:01:37]} 40. exd5 {[%clk 00:13:13]} {[%emt 00:00:03]} cxd5
{[%clk 00:02:27]} {[%emt 00:00:04]} 41. Nd4 {[%clk 00:13:20]} {[%emt 00:00:04]}
Qa7 {[%clk 00:01:49]} {[%emt 00:00:47]} 42. Kh1 {[%clk 00:13:09]} {[%emt
00:00:20]} Qe7 {[%clk 00:01:27]} {[%emt 00:00:33]} 43. Nxb5 {[%clk 00:12:57]}
{[%emt 00:00:21]} Nd7 {[%clk 00:00:57]} {[%emt 00:00:40]} 44. Bd4 {[%clk
00:11:42]} {[%emt 00:01:26]} Bxd4 {[%clk 00:00:46]} {[%emt 00:00:21]} 45. Nxd4
{[%clk 00:11:26]} {[%emt 00:00:26]} Qf6 {[%clk 00:00:44]} {[%emt 00:00:12]} 46.
Qd2 {[%clk 00:11:33]} {[%emt 00:00:03]} Ne7 {[%clk 00:00:40]} {[%emt 00:00:13]}
47. b5 {[%clk 00:11:21]} {[%emt 00:00:23]} Nf5 {[%clk 00:00:31]} {[%emt
00:00:19]} 48. Nxf5 {[%clk 00:11:01]} {[%emt 00:00:30]} Qxf5 {[%clk 00:00:38]}
{[%emt 00:00:02]} 49. Qc3+ {[%clk 00:10:34]} {[%emt 00:00:38]} Kg8 {[%clk
00:00:21]} {[%emt 00:00:27]} 50. Qc6 {[%clk 00:10:19]} {[%emt 00:00:25]} Kf8
{[%clk 00:00:14]} {[%emt 00:00:17]} 51. b6 {[%clk 00:10:27]} {[%emt 00:00:02]}
Nxb6 {[%clk 00:00:12]} {[%emt 00:00:12]} 52. Qxb6 {[%clk 00:10:33]} {[%emt
00:00:04]} Ke7 {[%clk 00:00:20]} {[%emt 00:00:02]} 53. Qd4 {[%clk 00:10:03]}
{[%emt 00:00:39]} Kd6 {[%clk 00:00:23]} {[%emt 00:00:07]} 54. Bd3 {[%clk
00:10:03]} {[%emt 00:00:11]} Qc8 {[%clk 00:00:13]} {[%emt 00:00:21]} 55. Kh2
{[%clk 00:10:04]} {[%emt 00:00:08]} Qc5 {[%clk 00:00:15]} {[%emt 00:00:08]} 56.
Qxc5+ {[%clk 00:09:57]} {[%emt 00:00:17]} Kxc5 {[%clk 00:00:23]} {[%emt
00:00:01]} 57. Kg3 {[%clk 00:10:06]} {[%emt 00:00:02]} Kd4 {[%clk 00:00:31]}
{[%emt 00:00:02]} 58. Ba6 {[%clk 00:10:11]} {[%emt 00:00:05]} Ke3 {[%clk
00:00:35]} {[%emt 00:00:06]} 59. Kg4 {[%clk 00:10:10]} {[%emt 00:00:10]} h6
{[%clk 00:00:35]} {[%emt 00:00:10]} 60. h4 {[%clk 00:10:15]} {[%emt 00:00:06]}
Kf2 {[%clk 00:00:40]} {[%emt 00:00:05]} 61. g3 {[%clk 00:10:13]} {[%emt
00:00:11]} d4 {[%clk 00:00:30]} {[%emt 00:00:21]} 62. Bd3 {[%clk 00:10:21]}
{[%emt 00:00:02]} h5+ {[%clk 00:00:33]} {[%emt 00:00:07]} 63. Kf4 {[%clk
00:10:29]} {[%emt 00:00:02]} 1-0

[Event "British Rapidplay Championship 2023"]
[Site "Mercure Bradford, Bankfield Hotel"]
[Date "2023.04.16"]
[Round "10.6"]
[White "Winter, Kevin"]
[Black "Walton, Alan J"]
[Result "0-1"]
[TimeControl "All moves in 15 minutes plus 10 second increment per move from move 1"]
[WhiteElo "1713"]
[BlackElo "2105"]

1. e4 {[%clk 00:15:19]} {[%emt 00:00:01]} e6 {[%clk 00:15:19]} {[%emt
00:00:01]} 2. Qe2 {[%clk 00:15:19]} {[%emt 00:00:10]} Be7 {[%clk 00:15:28]} 3.
g3 {[%clk 00:15:07]} {[%emt 00:00:21]} d5 {[%clk 00:15:36]} {[%emt 00:00:02]} 4.
d3 {[%clk 00:15:10]} {[%emt 00:00:07]} Nf6 {[%clk 00:15:44]} {[%emt 00:00:03]}
5. Bg2 {[%clk 00:15:04]} {[%emt 00:00:16]} Nc6 {[%clk 00:15:48]} {[%emt
00:00:07]} 6. Nf3 {[%clk 00:14:42]} {[%emt 00:00:31]} dxe4 {[%clk 00:15:45]}
{[%emt 00:00:13]} 7. dxe4 {[%clk 00:14:49]} {[%emt 00:00:02]} e5 {[%clk
00:15:53]} {[%emt 00:00:02]} 8. O-O {[%clk 00:14:33]} {[%emt 00:00:27]} O-O
{[%clk 00:15:54]} {[%emt 00:00:09]} 9. Rd1 {[%clk 00:14:07]} {[%emt 00:00:35]}
Qe8 {[%clk 00:16:03]} {[%emt 00:00:02]} 10. Nc3 {[%clk 00:13:43]} {[%emt
00:00:34]} Bg4 {[%clk 00:15:59]} {[%emt 00:00:13]} 11. Bg5 {[%clk 00:13:14]}
{[%emt 00:00:39]} h6 {[%clk 00:15:34]} {[%emt 00:00:36]} 12. Be3 {[%clk
00:12:20]} {[%emt 00:01:04]} a6 {[%clk 00:15:32]} {[%emt 00:00:12]} 13. h3
{[%clk 00:12:17]} {[%emt 00:00:12]} Be6 {[%clk 00:15:37]} {[%emt 00:00:06]} 14.
Nd5 {[%clk 00:11:35]} {[%emt 00:00:52]} Rc8 {[%clk 00:15:04]} {[%emt 00:00:43]}
15. c4 {[%clk 00:10:13]} {[%emt 00:01:32]} Nxe4 {[%clk 00:14:44]} {[%emt
00:00:30]} 16. Nxe7+ {[%clk 00:09:14]} {[%emt 00:01:09]} Qxe7 {[%clk 00:14:39]}
{[%emt 00:00:15]} 17. Nh4 {[%clk 00:08:10]} {[%emt 00:01:14]} Nf6 {[%clk
00:14:28]} {[%emt 00:00:21]} 18. Rac1 {[%clk 00:07:29]} {[%emt 00:00:51]} Rfd8
{[%clk 00:14:22]} {[%emt 00:00:15]} 19. g4 {[%clk 00:07:22]} {[%emt 00:00:18]}
Nxg4 {[%clk 00:14:19]} {[%emt 00:00:13]} 20. hxg4 {[%clk 00:07:06]} {[%emt
00:00:26]} Qxh4 {[%clk 00:14:27]} {[%emt 00:00:01]} 21. f3 {[%clk 00:06:58]}
{[%emt 00:00:18]} Nd4 {[%clk 00:14:03]} {[%emt 00:00:35]} 22. Qf1 {[%clk
00:06:22]} {[%emt 00:00:46]} Qg3 {[%clk 00:13:45]} {[%emt 00:00:27]} 23. Re1
{[%clk 00:05:59]} {[%emt 00:00:33]} c5 {[%clk 00:13:02]} {[%emt 00:00:53]} 24.
Rc3 {[%clk 00:05:58]} {[%emt 00:00:12]} Nxf3+ {[%clk 00:12:40]} {[%emt
00:00:32]} 25. Qxf3 {[%clk 00:06:02]} {[%emt 00:00:06]} Qxe1+ {[%clk 00:12:48]}
{[%emt 00:00:02]} 0-1

[Event "British Rapidplay Championship 2023"]
[Site "Mercure Bradford, Bankfield Hotel"]
[Date "2023.04.16"]
[Round "10.7"]
[White "Jackman, Matthew"]
[Black "Sasikumar, Srivathsan"]
[Result "1-0"]
[TimeControl "All moves in 15 minutes plus 10 second increment per move from move 1"]
[WhiteElo "2053"]
[BlackElo "1628"]

1. d4 {[%clk 00:15:19]} d5 {[%clk 00:15:16]} {[%emt 00:00:05]} 2. c4 {[%clk
00:15:27]} {[%emt 00:00:01]} e6 {[%clk 00:15:24]} {[%emt 00:00:03]} 3. Nc3
{[%clk 00:15:35]} {[%emt 00:00:01]} c6 {[%clk 00:15:32]} {[%emt 00:00:03]} 4.
cxd5 {[%clk 00:15:42]} {[%emt 00:00:03]} exd5 {[%clk 00:15:40]} {[%emt
00:00:03]} 5. Bf4 {[%clk 00:15:46]} {[%emt 00:00:04]} Nf6 {[%clk 00:15:48]}
{[%emt 00:00:03]} 6. e3 {[%clk 00:15:53]} {[%emt 00:00:03]} Bd6 {[%clk
00:15:55]} {[%emt 00:00:03]} 7. Bg3 {[%clk 00:16:00]} {[%emt 00:00:03]} Bf5
{[%clk 00:16:00]} {[%emt 00:00:04]} 8. Qb3 {[%clk 00:16:05]} {[%emt 00:00:06]}
Bc8 {[%clk 00:15:55]} {[%emt 00:00:16]} 9. Bd3 {[%clk 00:16:12]} {[%emt
00:00:02]} Qc7 {[%clk 00:15:59]} {[%emt 00:00:06]} 10. Rc1 {[%clk 00:16:16]}
{[%emt 00:00:05]} Qe7 {[%clk 00:16:03]} {[%emt 00:00:06]} 11. Nge2 {[%clk
00:16:17]} {[%emt 00:00:10]} O-O {[%clk 00:16:09]} {[%emt 00:00:03]} 12. O-O
{[%clk 00:16:24]} {[%emt 00:00:04]} Nbd7 {[%clk 00:16:16]} {[%emt 00:00:03]} 13.
Qc2 {[%clk 00:16:23]} {[%emt 00:00:11]} b6 {[%clk 00:15:56]} {[%emt 00:00:30]}
14. Bh4 {[%clk 00:15:55]} {[%emt 00:00:37]} h6 {[%clk 00:15:38]} {[%emt
00:00:29]} 15. e4 {[%clk 00:15:54]} {[%emt 00:00:10]} dxe4 {[%clk 00:15:38]}
{[%emt 00:00:10]} 16. Nxe4 {[%clk 00:16:01]} {[%emt 00:00:04]} Bb7 {[%clk
00:15:23]} {[%emt 00:00:25]} 17. Nxd6 {[%clk 00:15:58]} {[%emt 00:00:12]} Qxd6
{[%clk 00:15:29]} {[%emt 00:00:05]} 18. Bg3 {[%clk 00:16:06]} {[%emt 00:00:02]}
Qe7 {[%clk 00:14:45]} {[%emt 00:00:53]} 19. Rfe1 {[%clk 00:15:58]} {[%emt
00:00:18]} Rfe8 {[%clk 00:14:45]} {[%emt 00:00:11]} 20. f3 {[%clk 00:16:06]}
{[%emt 00:00:02]} Qd8 {[%clk 00:13:40]} {[%emt 00:01:13]} 21. Nc3 {[%clk
00:14:11]} {[%emt 00:02:07]} Rc8 {[%clk 00:12:39]} {[%emt 00:01:11]} 22. Rxe8+
{[%clk 00:13:43]} Qxe8 {[%clk 00:12:03]} {[%emt 00:01:22]} 23. Re1 {[%clk
00:13:50]} {[%emt 00:00:04]} Qd8 {[%clk 00:12:00]} {[%emt 00:00:08]} 24. Ne4
{[%clk 00:13:57]} {[%emt 00:00:09]} Nxe4 {[%clk 00:11:57]} {[%emt 00:00:13]} 25.
fxe4 {[%clk 00:13:45]} {[%emt 00:00:20]} Nf6 {[%clk 00:11:59]} {[%emt
00:00:09]} 26. Qc3 {[%clk 00:13:44]} {[%emt 00:00:11]} Qd7 {[%clk 00:07:26]}
{[%emt 00:04:41]} 27. h3 {[%clk 00:12:38]} {[%emt 00:01:19]} Rd8 {[%clk
00:05:57]} {[%emt 00:01:39]} 28. Bf2 {[%clk 00:12:45]} {[%emt 00:00:03]} Re8
{[%clk 00:05:48]} {[%emt 00:00:17]} 29. Bc2 {[%clk 00:12:35]} {[%emt 00:00:21]}
Qe6 {[%clk 00:04:16]} {[%emt 00:01:36]} 30. Qd3 {[%clk 00:11:49]} {[%emt
00:01:02]} g6 {[%clk 00:02:27]} {[%emt 00:01:59]} 31. a3 {[%clk 00:09:38]}
{[%emt 00:02:22]} Kg7 {[%clk 00:02:07]} {[%emt 00:00:29]} 32. Qf3 {[%clk
00:08:39]} {[%emt 00:01:09]} Nd7 {[%clk 00:01:27]} {[%emt 00:00:49]} 33. Bb3
{[%clk 00:08:34]} {[%emt 00:00:16]} Qe7 {[%clk 00:01:26]} {[%emt 00:00:10]} 34.
Bh4 {[%clk 00:07:14]} {[%emt 00:01:31]} g5 {[%clk 00:01:07]} {[%emt 00:00:29]}
35. Bg3 {[%clk 00:07:10]} {[%emt 00:00:13]} c5 {[%clk 00:00:57]} {[%emt
00:00:22]} 36. d5 {[%clk 00:07:02]} {[%emt 00:00:18]} Ne5 {[%clk 00:01:04]}
{[%emt 00:00:03]} 37. Qc3 {[%clk 00:05:54]} {[%emt 00:01:18]} f6 {[%clk
00:01:06]} {[%emt 00:00:07]} 38. Rf1 {[%clk 00:05:33]} {[%emt 00:00:32]} b5
{[%clk 00:00:59]} {[%emt 00:00:17]} 39. Rf5 {[%clk 00:05:18]} {[%emt 00:00:24]}
c4 {[%clk 00:00:56]} {[%emt 00:00:13]} 40. Bc2 {[%clk 00:05:24]} {[%emt
00:00:04]} Bc8 {[%clk 00:00:50]} {[%emt 00:00:16]} 41. Rf1 {[%clk 00:05:14]}
{[%emt 00:00:20]} Qc5+ {[%clk 00:00:57]} {[%emt 00:00:03]} 42. Bf2 {[%clk
00:05:15]} {[%emt 00:00:10]} Qe7 {[%clk 00:00:52]} {[%emt 00:00:15]} 43. Bd4
{[%emt 00:00:36]} Bb7 {[%clk 00:00:28]} {[%emt 00:00:02]} 44. Qa5 {[%clk
00:05:06]} {[%emt 00:00:23]} a6 {[%clk 00:00:17]} {[%emt 00:00:23]} 45. Qb6
{[%clk 00:05:07]} {[%emt 00:00:08]} Bc8 {[%clk 00:00:15]} {[%emt 00:00:13]} 46.
a4 {[%clk 00:05:05]} {[%emt 00:00:12]} Bd7 {[%clk 00:00:13]} {[%emt 00:00:12]}
47. b3 {[%clk 00:04:58]} {[%emt 00:00:16]} cxb3 {[%clk 00:00:15]} {[%emt
00:00:09]} 48. Bxb3 {[%clk 00:04:57]} {[%emt 00:00:11]} bxa4 {[%clk 00:00:23]}
{[%emt 00:00:01]} 49. Ba2 {[%clk 00:04:49]} {[%emt 00:00:18]} Rf8 {[%clk
00:00:30]} {[%emt 00:00:04]} 50. Bc5 {[%clk 00:04:37]} {[%emt 00:00:22]} Qd8
{[%clk 00:00:33]} {[%emt 00:00:07]} 51. Bxf8+ {[%clk 00:04:22]} {[%emt
00:00:24]} Qxf8 {[%clk 00:00:42]} 52. Qxa6 {[%clk 00:04:21]} {[%emt 00:00:13]}
1-0